000 00724nam a2200289Ia 4500
005 20260324113506.0
008 008 260324s9999 xx 000 0 eng d
020 _a9781003362173
037 _aEBOOK
040 _aCRL
040 _beng
040 _cCRL
041 _2eng
041 _aeng
084 _qCRL
100 _aParomita Chakravarti; Mario Prayer
_91146989
245 0 _aBengal and Italy
245 0 _bTranscultural Encounters from the Mid-19th to the Early 21st Century
260 _bTaylor and Francis
260 _c2023
365 _a
365 _b230
856 _uhttp://www.taylorfrancis.com/books/9781003362173
942 _cEBOOK
999 _c1736673
_d1736673